000 00490cam a2200193 4500
001 D8548
008 090401t1978 xxu||||| |||| 00| 0 eng d
035 _a(Sirsi) u13668
041 _aeng
050 _a526.902462
100 _aSchofield, W.
245 _aEngineering surveying: theory and examination problems for students. Volume 1
250 _a2nd
260 _aLondon
_bNewnes-Butterworths
_c1978
300 _a264p. 11cm
350 _a5.5
942 _n0
948 _c04/03/1997
999 _c87129
_d87129